Nghiên cứu loại bỏ ion Pb(II) và xanh Metylen trong môi trường nước bằng vật liệu thải từ quy trình khai thác Bauxite

Cơ quan chủ trì: Đại học Thủ Dầu Một

محفوظ في:
التفاصيل البيبلوغرافية
المؤلف الرئيسي: Phạm, Đình Dũ
التنسيق: كتاب
اللغة:Undetermined
منشور في: Bình Dương 2016
الموضوعات:
الوصول للمادة أونلاين:http://lrc.tdmu.edu.vn/opac/search/detail.asp?aID=2&ID=35498
الوسوم: إضافة وسم
لا توجد وسوم, كن أول من يضع وسما على هذه التسجيلة!
Thư viện lưu trữ: Trung tâm Học liệu Trường Đại học Thủ Dầu Một
LEADER 00853nam a2200193Ia 4500
001 TDMU_35498
008 210410s9999 xx 000 0 und d
082 |a 363.7 
090 |b PH104 
100 |a Phạm, Đình Dũ 
245 0 |a Nghiên cứu loại bỏ ion Pb(II) và xanh Metylen trong môi trường nước bằng vật liệu thải từ quy trình khai thác Bauxite 
245 0 |c TS. Phạm Đình Dũ 
260 |a Bình Dương 
260 |c 2016 
300 |a 52tr 
520 |a Cơ quan chủ trì: Đại học Thủ Dầu Một 
650 |a Báo cáo khoa học; Môi trường nước  |x Loại bỏ ion Pb(II) và xanh Metylen   |x Nghiên cứu 
856 |u http://lrc.tdmu.edu.vn/opac/search/detail.asp?aID=2&ID=35498 
980 |a Trung tâm Học liệu Trường Đại học Thủ Dầu Một